Statistics for Do you know your Percy Jackson?

Click here to take the quiz!

General Stats

  • This quiz has been taken 149 times
  • The average score is 3 of 6

Answer Stats

Hint Answer % Correct
Who is Percy's best friendgrover
99%
Annabeths mom is whoAthena
99%
What is the name of Claresse 's spearmaimer
26%
What monster did percy first fightMrs. dodds
23%
How awesome is this seriesamazing
13%
Who is percys dadpoisiden
1%

Score Distribution

Percentile by Number Answered

Percent of People with Each Score

Your Score History

You have not taken this quiz